000 00206 a2200097 4500
001 4702
100 _aBinder,R.C
245 _aAdvanced fluid mechanics
260 _a
_bPrentic-Hall
_c
090 _c3894
_d3894
942 _aNUST-CAE
_cM
_c30149
999 _c239775
_d239775